Ekonomické aspekty práv duševného vlastníctva
Vybrané ekonomické aspekty práv duševného vlastníctva. Neprivlastniteľnosť inovácií. Ochrana práv duševného vlastníctva v SR vo väzbe na rozvoj vedy, výskumu a inovácií. Implikácie pre hospodársku politiku.
Salvato in:
| Autore principale: | |
|---|---|
| Natura: | Capitolo di libro |
| Lingua: | slovacco |
| Soggetti: | |
| Tags: |
Nessun Tag, puoi essere il primo ad aggiungerne!!
|
MARC
| LEADER | 00000naa$a2200000$$$4500 | ||
|---|---|---|---|
| 001 | 0249886 | ||
| 005 | 20240502074011.5 | ||
| 041 | 0 | |a slo | |
| 044 | |a SK | ||
| 245 | 1 | 0 | |a Ekonomické aspekty práv duševného vlastníctva |c Veronika Piovarčiová |
| 520 | |a Vybrané ekonomické aspekty práv duševného vlastníctva. Neprivlastniteľnosť inovácií. Ochrana práv duševného vlastníctva v SR vo väzbe na rozvoj vedy, výskumu a inovácií. Implikácie pre hospodársku politiku. | ||
| 610 | 2 | 0 | |a vlastníctvo duševné |
| 610 | 2 | 0 | |a právo vlastnícke |
| 610 | 2 | 0 | |a ochrana práv priemyselných |
| 610 | 2 | 0 | |a inovácia |
| 610 | 2 | 0 | |a inovácie technologické |
| 610 | 2 | 0 | |a veda |
| 610 | 2 | 0 | |a výskum |
| 610 | 2 | 0 | |a politika hospodárska |
| 610 | 2 | 0 | |a Slovensko |
| 100 | 1 | |a Piovarčiová, Veronika, 1951- | |